Quản lý hoạt động giáo dục hướng nghiệp học sinh ở các trường Trung học cơ sở thành phố Vị Thanh, tỉnh Hậu Giang Luận văn thạc sĩ Khoa học Giáo dục. Chuyên ngành: Quản lý Giáo dục. Mã số: 8.14.01.14

Uloženo v:
Podrobná bibliografie
Hlavní autor: Huỳnh, Thanh Tú
Další autoři: Phạm, Hữu Ngãi (Hướng dẫn)
Médium: Souprava Kniha
Vydáno: Đồng Tháp Đại học Đồng Tháp 2019
Témata:
Tagy: Přidat tag
Žádné tagy, Buďte první, kdo otaguje tento záznam!
Thư viện lưu trữ: Trung tâm Học liệu Lê Vũ Hùng, Trường Đại học Đồng Tháp
LEADER 01245ppm a22002418a 4500
001 00045249
005 20191213161241.0
008 170228s2013 ||||||Viesd
041 0 # |a Vie 
082 1 4 |a 373.246  |b QU105L 
100 1 # |a Huỳnh, Thanh Tú 
245 0 0 |a Quản lý hoạt động giáo dục hướng nghiệp học sinh ở các trường Trung học cơ sở thành phố Vị Thanh, tỉnh Hậu Giang  |b Luận văn thạc sĩ Khoa học Giáo dục. Chuyên ngành: Quản lý Giáo dục. Mã số: 8.14.01.14  |c Huỳnh Thanh Tú; Phạm Hữu Ngãi (hướng dẫn) 
260 # # |a Đồng Tháp  |b Đại học Đồng Tháp  |c 2019 
300 # # |a 119 tr. + phụ lục  |c 30 cm.  |e 1 bản tóm tắt + 1 CD 
500 # # |a ĐTTS ghi: Bộ giáo dục và đào tạo. Trường Đại học Đồng Tháp 
653 # # |a Giáo dục hướng nghiệp 
653 # # |a Hậu Giang 
653 # # |a Luận văn 
653 # # |a Quản lý giáo dục 
653 # # |a Trung học cơ cở 
700 1 # |a Phạm, Hữu Ngãi  |e Hướng dẫn 
852 # # |j LV.0002602  |j LV.0002601 
980 # # |a Trung tâm Học liệu Lê Vũ Hùng, Trường Đại học Đồng Tháp